000 nam a22 7a 4500
999 _c7339
_d7339
008 170814b xxu||||| |||| 00| 0 eng d
100 _aArora Sumita
_93877
245 _aFoundation of information technology
_bConinuous and comprehensive evaluation
260 _aNew Delhi
_bDhanpat Rai
_c2013